00377nam a2200133Ia 4500008004100000020002200041100001800063245007200081250001200153260003500165300000800200650001500208700002000223221220s9999 xx 000 0 und d a978-93-5460-077-8 aS. L. McShane 0aOrganizational Behavior 19th Ed.cby S. L. McShane, M. A. V. Glinow a9th Ed. bMcGraw Hill Pub.aIndiac2022 a591 aManagement aM. A. V. Glinow